| 000 | 00428nam a2200169Ia 4500 | ||
|---|---|---|---|
| 005 | 20250424120254.0 | ||
| 008 | 250424s9999 xx 000 0 und d | ||
| 022 | _a15959587 | ||
| 050 | _aR 98 .C55/ | ||
| 245 | 0 | _aJournal of clinical sciences | |
| 260 | _aLagos, Nigeria | ||
| 260 | _bUniversity of lagos | ||
| 260 | _c2012 | ||
| 300 | _avi, 22 p. :ill. 29 cm. | ||
| 650 | _aMedicine--Nigeria--Periodicals. | ||
| 942 | _cSR | ||
| 999 |
_c38370 _d38370 |
||